000 00590nam a22001937a 4500
999 _c17312
_d17312
003 AR-CdUCM
008 190508b ||||| |||| 00| 0 spa d
040 _aMUNICIPALIDAD PROVINCIAL DEL CUSCO
_cBIBLIOTECA MUNICIPAL DEL CUSCO
082 _a947.084 /
_bE52
100 _aEmmens, Robert G.
_937254
245 _aHuéspedes del Kremlin /
260 _aMéxico :
_bGuarania,
_c1949.
300 _a255 páginas ;
_c18 cm.
505 _aContenido :Huéspedes del Kremlin ...
650 _aHuéspedes.
_937255
650 _aBienestar.
_96502
942 _2ddc
_cLIBROS
945 _arum
_d2019-05-08